Statistics for Draw 10 Missing Long Borders on the World Map

Click here to take the quiz!

General Stats

  • This quiz has been taken 976 times
  • The average score is 312 of 317

Answers on the Map

Answers color-coded by a green-red scale on the quiz's map according to % correct below.
 

Answer Stats

LABBordering Countries% Correct
76AfghanistanChinaAfghanistan-China
100%
936AfghanistanIranAfghanistan-Iran
100%
2430AfghanistanPakistanAfghanistan-Pakistan
100%
1206AfghanistanTajikistanAfghanistan-Tajikistan
100%
744AfghanistanTurkmenistanAfghanistan-Turkmenistan
100%
137AfghanistanUzbekistanAfghanistan-Uzbekistan
100%
282AlbaniaGreeceAlbania-Greece
100%
112AlbaniaKosovoAlbania-Kosovo
100%
151AlbaniaMacedoniaAlbania-Macedonia
100%
172AlbaniaMontenegroAlbania-Montenegro
100%
982AlgeriaLibyaAlgeria-Libya
100%
1376AlgeriaMaliAlgeria-Mali
100%
463AlgeriaMauritaniaAlgeria-Mauritania
100%
1601AlgeriaMoroccoAlgeria-Morocco
100%
956AlgeriaNigerAlgeria-Niger
100%
965AlgeriaTunisiaAlgeria-Tunisia
100%
56.6AndorraFranceAndorra-France
100%
63.7AndorraSpainAndorra-Spain
100%
2511AngolaDemocratic Republic of the CongoAngola-Democratic Republic of the Congo
100%
201AngolaRepublic of the CongoAngola-Republic of the Congo
100%
1110AngolaZambiaAngola-Zambia
100%
832ArgentinaBoliviaArgentina-Bolivia
100%
1224ArgentinaBrazilArgentina-Brazil
100%
5300ArgentinaChileArgentina-Chile
100%
1880ArgentinaParaguayArgentina-Paraguay
100%
579ArgentinaUruguayArgentina-Uruguay
100%
787ArmeniaAzerbaijanArmenia-Azerbaijan
100%
164ArmeniaGeorgiaArmenia-Georgia
100%
35ArmeniaIranArmenia-Iran
100%
268ArmeniaTurkeyArmenia-Turkey
100%
362AustriaCzech RepublicAustria-Czech Republic
100%
784AustriaGermanyAustria-Germany
100%
366AustriaHungaryAustria-Hungary
100%
430AustriaItalyAustria-Italy
100%
35AustriaLiechtensteinAustria-Liechtenstein
100%
91AustriaSlovakiaAustria-Slovakia
100%
330AustriaSloveniaAustria-Slovenia
100%
164AustriaSwitzerlandAustria-Switzerland
100%
322AzerbaijanGeorgiaAzerbaijan-Georgia
100%
432AzerbaijanIranAzerbaijan-Iran
100%
284AzerbaijanRussiaAzerbaijan-Russia
100%
9AzerbaijanTurkeyAzerbaijan-Turkey
100%
4053BangladeshIndiaBangladesh-India
100%
193BangladeshMyanmarBangladesh-Myanmar
100%
141BelarusLatviaBelarus-Latvia
100%
502BelarusLithuaniaBelarus-Lithuania
100%
407BelarusPolandBelarus-Poland
100%
959BelarusRussiaBelarus-Russia
100%
891BelarusUkraineBelarus-Ukraine
100%
620BelgiumFranceBelgium-France
100%
167BelgiumGermanyBelgium-Germany
100%
148BelgiumLuxembourgBelgium-Luxembourg
100%
450BelgiumNetherlandsBelgium-Netherlands
100%
266BelizeGuatemalaBelize-Guatemala
100%
250BelizeMexicoBelize-Mexico
100%
306BeninBurkina FasoBenin-Burkina Faso
100%
266BeninNigerBenin-Niger
100%
773BeninNigeriaBenin-Nigeria
100%
644BeninTogoBenin-Togo
100%
470BhutanChinaBhutan-China
100%
605BhutanIndiaBhutan-India
100%
3400BoliviaBrazilBolivia-Brazil
100%
861BoliviaChileBolivia-Chile
100%
750BoliviaParaguayBolivia-Paraguay
100%
900BoliviaPeruBolivia-Peru
100%
932Bosnia and HerzegovinaCroatiaBosnia and Herzegovina-Croatia
100%
225Bosnia and HerzegovinaMontenegroBosnia and Herzegovina-Montenegro
100%
302Bosnia and HerzegovinaSerbiaBosnia and Herzegovina-Serbia
100%
1360BotswanaNamibiaBotswana-Namibia
100%
1840BotswanaSouth AfricaBotswana-South Africa
100%
0.15BotswanaZambiaBotswana-Zambia
100%
813BotswanaZimbabweBotswana-Zimbabwe
100%
1643BrazilColombiaBrazil-Colombia
100%
673BrazilFranceBrazil-France
100%
1119BrazilGuyanaBrazil-Guyana
100%
1290BrazilParaguayBrazil-Paraguay
100%
1560BrazilPeruBrazil-Peru
100%
597BrazilSurinameBrazil-Suriname
100%
985BrazilUruguayBrazil-Uruguay
100%
2200BrazilVenezuelaBrazil-Venezuela
100%
381BruneiMalaysiaBrunei-Malaysia
100%
494BulgariaGreeceBulgaria-Greece
100%
148BulgariaMacedoniaBulgaria-Macedonia
100%
608BulgariaRomaniaBulgaria-Romania
100%
318BulgariaSerbiaBulgaria-Serbia
100%
240BulgariaTurkeyBulgaria-Turkey
100%
584Burkina FasoCote d'IvoireBurkina Faso-Cote d'Ivoire
100%
549Burkina FasoGhanaBurkina Faso-Ghana
100%
1000Burkina FasoMaliBurkina Faso-Mali
100%
628Burkina FasoNigerBurkina Faso-Niger
100%
126Burkina FasoTogoBurkina Faso-Togo
100%
233BurundiDemocratic Republic of the CongoBurundi-Democratic Republic of the Congo
100%
290BurundiRwandaBurundi-Rwanda
100%
451BurundiTanzaniaBurundi-Tanzania
100%
541CambodiaLaosCambodia-Laos
100%
803CambodiaThailandCambodia-Thailand
100%
797CameroonCentral African RepublicCameroon-Central African Republic
100%
189CameroonEquatorial GuineaCameroon-Equatorial Guinea
100%
298CameroonGabonCameroon-Gabon
100%
1690CameroonNigeriaCameroon-Nigeria
100%
523CameroonRepublic of the CongoCameroon-Republic of the Congo
100%
8893CanadaUnited StatesCanada-United States
100%
1197Central African RepublicChadCentral African Republic-Chad
100%
1577Central African RepublicDemocratic Republic of the CongoCentral African Republic-Democratic Republic of the Congo
100%
467Central African RepublicRepublic of the CongoCentral African Republic-Republic of the Congo
100%
682Central African RepublicSouth SudanCentral African Republic-South Sudan
100%
483Central African RepublicSudanCentral African Republic-Sudan
100%
1055ChadLibyaChad-Libya
100%
1175ChadNigerChad-Niger
100%
87ChadNigeriaChad-Nigeria
100%
1360ChadSudanChad-Sudan
100%
160ChilePeruChile-Peru
100%
3380ChinaIndiaChina-India
100%
1533ChinaKazakhstanChina-Kazakhstan
100%
858ChinaKyrgyzstanChina-Kyrgyzstan
100%
423ChinaLaosChina-Laos
100%
4677ChinaMongoliaChina-Mongolia
100%
2185ChinaMyanmarChina-Myanmar
100%
1236ChinaNepalChina-Nepal
100%
1416ChinaNorth KoreaChina-North Korea
100%
523ChinaPakistanChina-Pakistan
100%
3645ChinaRussiaChina-Russia
100%
414ChinaTajikistanChina-Tajikistan
100%
1281ChinaVietnamChina-Vietnam
100%
590ColombiaEcuadorColombia-Ecuador
100%
225ColombiaPanamaColombia-Panama
100%
1496ColombiaPeruColombia-Peru
100%
2050ColombiaVenezuelaColombia-Venezuela
100%
309Costa RicaNicaraguaCosta Rica-Nicaragua
100%
330Costa RicaPanamaCosta Rica-Panama
100%
668Cote d'IvoireGhanaCote d'Ivoire-Ghana
100%
610Cote d'IvoireGuineaCote d'Ivoire-Guinea
100%
716Cote d'IvoireLiberiaCote d'Ivoire-Liberia
100%
532Cote d'IvoireMaliCote d'Ivoire-Mali
100%
329CroatiaHungaryCroatia-Hungary
100%
25CroatiaMontenegroCroatia-Montenegro
100%
241CroatiaSerbiaCroatia-Serbia
100%
670CroatiaSloveniaCroatia-Slovenia
100%
815Czech RepublicGermanyCzech Republic-Germany
100%
658Czech RepublicPolandCzech Republic-Poland
100%
215Czech RepublicSlovakiaCzech Republic-Slovakia
100%
2410Democratic Republic of the CongoRepublic of the CongoDemocratic Republic of the Congo-Republic of the Congo
100%
217Democratic Republic of the CongoRwandaDemocratic Republic of the Congo-Rwanda
100%
628Democratic Republic of the CongoSouth SudanDemocratic Republic of the Congo-South Sudan
100%
459Democratic Republic of the CongoTanzaniaDemocratic Republic of the Congo-Tanzania
100%
765Democratic Republic of the CongoUgandaDemocratic Republic of the Congo-Uganda
100%
1930Democratic Republic of the CongoZambiaDemocratic Republic of the Congo-Zambia
100%
68DenmarkGermanyDenmark-Germany
100%
109DjiboutiEritreaDjibouti-Eritrea
100%
349DjiboutiEthiopiaDjibouti-Ethiopia
100%
58DjiboutiSomaliaDjibouti-Somalia
100%
360Dominican RepublicHaitiDominican Republic-Haiti
100%
228East TimorIndonesiaEast Timor-Indonesia
100%
1420EcuadorPeruEcuador-Peru
100%
277EgyptIsraelEgypt-Israel
100%
203El SalvadorGuatemalaEl Salvador-Guatemala
100%
342El SalvadorHondurasEl Salvador-Honduras
100%
350Equatorial GuineaGabonEquatorial Guinea-Gabon
100%
912EritreaEthiopiaEritrea-Ethiopia
100%
605EritreaSudanEritrea-Sudan
100%
339EstoniaLatviaEstonia-Latvia
100%
294EstoniaRussiaEstonia-Russia
100%
861EthiopiaKenyaEthiopia-Kenya
100%
1600EthiopiaSomaliaEthiopia-Somalia
100%
883EthiopiaSouth SudanEthiopia-South Sudan
100%
723EthiopiaSudanEthiopia-Sudan
100%
736FinlandNorwayFinland-Norway
100%
1340FinlandRussiaFinland-Russia
100%
614FinlandSwedenFinland-Sweden
100%
451FranceGermanyFrance-Germany
100%
488FranceItalyFrance-Italy
100%
73FranceLuxembourgFrance-Luxembourg
100%
4.4FranceMonacoFrance-Monaco
100%
10.2FranceNetherlandsFrance-Netherlands
100%
623FranceSpainFrance-Spain
100%
510FranceSurinameFrance-Suriname
100%
573FranceSwitzerlandFrance-Switzerland
100%
1903GabonRepublic of the CongoGabon-Republic of the Congo
100%
740GambiaSenegalGambia-Senegal
100%
723GeorgiaRussiaGeorgia-Russia
100%
252GeorgiaTurkeyGeorgia-Turkey
100%
138GermanyLuxembourgGermany-Luxembourg
100%
577GermanyNetherlandsGermany-Netherlands
100%
456GermanyPolandGermany-Poland
100%
334GermanySwitzerlandGermany-Switzerland
100%
877GhanaTogoGhana-Togo
100%
246GreeceMacedoniaGreece-Macedonia
100%
206GreeceTurkeyGreece-Turkey
100%
256GuatemalaHondurasGuatemala-Honduras
100%
338Guinea-BissauSenegalGuinea-Bissau-Senegal
100%
386GuineaGuinea-BissauGuinea-Guinea-Bissau
100%
563GuineaLiberiaGuinea-Liberia
100%
858GuineaMaliGuinea-Mali
100%
330GuineaSenegalGuinea-Senegal
100%
652GuineaSierra LeoneGuinea-Sierra Leone
100%
600GuyanaSurinameGuyana-Suriname
100%
743GuyanaVenezuelaGuyana-Venezuela
100%
443HungaryRomaniaHungary-Romania
100%
151HungarySerbiaHungary-Serbia
100%
677HungarySlovakiaHungary-Slovakia
100%
102HungarySloveniaHungary-Slovenia
100%
103HungaryUkraineHungary-Ukraine
100%
1690IndiaNepalIndia-Nepal
100%
2912IndiaPakistanIndia-Pakistan
100%
1782IndonesiaMalaysiaIndonesia-Malaysia
100%
820IndonesiaPapua New GuineaIndonesia-Papua New Guinea
100%
1458IranIraqIran-Iraq
100%
909IranPakistanIran-Pakistan
100%
499IranTurkeyIran-Turkey
100%
992IranTurkmenistanIran-Turkmenistan
100%
181IraqJordanIraq-Jordan
100%
240IraqKuwaitIraq-Kuwait
100%
814IraqSaudi ArabiaIraq-Saudi Arabia
100%
605IraqSyriaIraq-Syria
100%
352IraqTurkeyIraq-Turkey
100%
360IrelandUnited KingdomIreland-United Kingdom
100%
335IsraelJordanIsrael-Jordan
100%
79IsraelLebanonIsrael-Lebanon
100%
76IsraelSyriaIsrael-Syria
100%
39ItalySan MarinoItaly-San Marino
100%
232ItalySloveniaItaly-Slovenia
100%
740ItalySwitzerlandItaly-Switzerland
100%
3.2ItalyVatican CityItaly-Vatican City
100%
744JordanSaudi ArabiaJordan-Saudi Arabia
100%
375JordanSyriaJordan-Syria
100%
1051KazakhstanKyrgyzstanKazakhstan-Kyrgyzstan
100%
6846KazakhstanRussiaKazakhstan-Russia
100%
379KazakhstanTurkmenistanKazakhstan-Turkmenistan
100%
2203KazakhstanUzbekistanKazakhstan-Uzbekistan
100%
682KenyaSomaliaKenya-Somalia
100%
232KenyaSouth SudanKenya-South Sudan
100%
769KenyaTanzaniaKenya-Tanzania
100%
933KenyaUgandaKenya-Uganda
100%
159KosovoMacedoniaKosovo-Macedonia
100%
79KosovoMontenegroKosovo-Montenegro
100%
352KosovoSerbiaKosovo-Serbia
100%
222KuwaitSaudi ArabiaKuwait-Saudi Arabia
100%
870KyrgyzstanTajikistanKyrgyzstan-Tajikistan
100%
1099KyrgyzstanUzbekistanKyrgyzstan-Uzbekistan
100%
235LaosMyanmarLaos-Myanmar
100%
1754LaosThailandLaos-Thailand
100%
453LatviaLithuaniaLatvia-Lithuania
100%
217LatviaRussiaLatvia-Russia
100%
375LebanonSyriaLebanon-Syria
100%
909LesothoSouth AfricaLesotho-South Africa
100%
306LiberiaSierra LeoneLiberia-Sierra Leone
100%
354LibyaNigerLibya-Niger
100%
383LibyaSudanLibya-Sudan
100%
459LibyaTunisiaLibya-Tunisia
100%
41LiechtensteinSwitzerlandLiechtenstein-Switzerland
100%
91LithuaniaPolandLithuania-Poland
100%
227LithuaniaRussiaLithuania-Russia
100%
62MacedoniaSerbiaMacedonia-Serbia
100%
1569MalawiMozambiqueMalawi-Mozambique
100%
475MalawiTanzaniaMalawi-Tanzania
100%
837MalawiZambiaMalawi-Zambia
100%
506MalaysiaThailandMalaysia-Thailand
100%
2237MaliMauritaniaMali-Mauritania
100%
821MaliNigerMali-Niger
100%
419MaliSenegalMali-Senegal
100%
1561MauritaniaMoroccoMauritania-Morocco
100%
813MauritaniaSenegalMauritania-Senegal
100%
3141MexicoUnited StatesMexico-United States
100%
450MoldovaRomaniaMoldova-Romania
100%
939MoldovaUkraineMoldova-Ukraine
100%
3485MongoliaRussiaMongolia-Russia
100%
124MontenegroSerbiaMontenegro-Serbia
100%
17MoroccoSpainMorocco-Spain
100%
491MozambiqueSouth AfricaMozambique-South Africa
100%
105MozambiqueSwazilandMozambique-Swaziland
100%
756MozambiqueTanzaniaMozambique-Tanzania
100%
419MozambiqueZambiaMozambique-Zambia
100%
1231MozambiqueZimbabweMozambique-Zimbabwe
100%
1800MyanmarThailandMyanmar-Thailand
100%
967NamibiaSouth AfricaNamibia-South Africa
100%
233NamibiaZambiaNamibia-Zambia
100%
1497NigerNigeriaNiger-Nigeria
100%
19North KoreaRussiaNorth Korea-Russia
100%
238North KoreaSouth KoreaNorth Korea-South Korea
100%
196NorwayRussiaNorway-Russia
100%
1619NorwaySwedenNorway-Sweden
100%
676OmanSaudi ArabiaOman-Saudi Arabia
100%
410OmanUnited Arab EmiratesOman-United Arab Emirates
100%
288OmanYemenOman-Yemen
100%
206PolandRussiaPoland-Russia
100%
444PolandSlovakiaPoland-Slovakia
100%
526PolandUkrainePoland-Ukraine
100%
1214PortugalSpainPortugal-Spain
100%
60QatarSaudi ArabiaQatar-Saudi Arabia
100%
476RomaniaSerbiaRomania-Serbia
100%
531RomaniaUkraineRomania-Ukraine
100%
217RwandaTanzaniaRwanda-Tanzania
100%
169RwandaUgandaRwanda-Uganda
100%
457Saudi ArabiaUnited Arab EmiratesSaudi Arabia-United Arab Emirates
100%
1458Saudi ArabiaYemenSaudi Arabia-Yemen
100%
97SlovakiaUkraineSlovakia-Ukraine
100%
430South AfricaSwazilandSouth Africa-Swaziland
100%
225South AfricaZimbabweSouth Africa-Zimbabwe
100%
1937South SudanSudanSouth Sudan-Sudan
100%
435South SudanUgandaSouth Sudan-Uganda
100%
1.2SpainUnited KingdomSpain-United Kingdom
100%
822SyriaTurkeySyria-Turkey
100%
1161TajikistanUzbekistanTajikistan-Uzbekistan
100%
396TanzaniaUgandaTanzania-Uganda
100%
338TanzaniaZambiaTanzania-Zambia
100%
1621TurkmenistanUzbekistanTurkmenistan-Uzbekistan
100%
797ZambiaZimbabweZambia-Zimbabwe
100%
1115EgyptLibyaEgypt-Libya
75%
1273EgyptSudanEgypt-Sudan
74%
1376AngolaNamibiaAngola-Namibia
72%
1576RussiaUkraineRussia-Ukraine
67%
1094CameroonChadCameroon-Chad
61%
2130LaosVietnamLaos-Vietnam
61%
1228CambodiaVietnamCambodia-Vietnam
52%
1463IndiaMyanmarIndia-Myanmar
40%
962GuatemalaMexicoGuatemala-Mexico
30%
922HondurasNicaraguaHonduras-Nicaragua
30%

Score Distribution

Percentile by Number Answered

Percent of People with Each Score

Your Score History

You have not taken this quiz